Mathematics for economics and finance: methods and modeling (Record no. 82748)

MARC details
000 -LEADER
fixed length control field 02072nam a2200349 a 4500
008 - FIXED-LENGTH DATA ELEMENTS--GENERAL INFORMATION
fixed length control field 120416s1996 ||||||||||||||||| || u
020 ## - INTERNATIONAL STANDARD BOOK NUMBER
International Standard Book Number 0521559138
020 ## - INTERNATIONAL STANDARD BOOK NUMBER
International Standard Book Number 0521559138
050 ## - LIBRARY OF CONGRESS CALL NUMBER
Classification number HB 135 Ant
100 ## - MAIN ENTRY--PERSONAL NAME
Personal name Anthony, Martin
245 10 - TITLE STATEMENT
Title Mathematics for economics and finance: methods and modeling
260 ## - PUBLICATION, DISTRIBUTION, ETC.
Place of publication, distribution, etc. Cambridge:
Name of publisher, distributor, etc. Cambridge University Press
Date of publication, distribution, etc. 1996
300 ## - PHYSICAL DESCRIPTION
Extent xvi, 394p.: ill.
350 ## -
-- 0.00
500 ## - GENERAL NOTE
General note Includes index.
650 #0 - SUBJECT ADDED ENTRY--TOPICAL TERM
Topical term or geographic name entry element MATHEMATICS--HANDBOOKS, MANUALS, ETC
650 #0 - SUBJECT ADDED ENTRY--TOPICAL TERM
Topical term or geographic name entry element ALGEBRAS, LINEAR
650 ## - SUBJECT ADDED ENTRY--TOPICAL TERM
Topical term or geographic name entry element CALCULUS--MATHEMATICS
650 ## - SUBJECT ADDED ENTRY--TOPICAL TERM
Topical term or geographic name entry element FINANCE--MATHEMATICAL MODELS
650 #0 - SUBJECT ADDED ENTRY--TOPICAL TERM
Topical term or geographic name entry element ECONOMICS, MATHEMATICAL
700 ## - ADDED ENTRY--PERSONAL NAME
Personal name Biggs, Norman
856 ## - ELECTRONIC LOCATION AND ACCESS
Uniform Resource Identifier http://www.loc.gov/catdir/description/cam027/96001581.html
856 ## - ELECTRONIC LOCATION AND ACCESS
Uniform Resource Identifier http://www.loc.gov/catdir/toc/cam026/96001581.html
995 ## -
-- MAIN LIBRARY OPEN ACCESS
-- 0.00
-- 40846
-- CBU-MAIN LIBRARY (Kitwe)
-- 2
-- 20.00
-- HB 135 Ant
-- 6
-- AVAILABLE
-- 40846
-- Main Library Open Access Collection
995 ## -
-- MAIN LIBRARY OPEN ACCESS
-- 0.00
-- 40868
-- CBU-MAIN LIBRARY (Kitwe)
-- 7
-- 20.00
-- HB 135 Ant
-- AVAILABLE
-- 40868
-- Main Library Open Access Collection
995 ## -
-- BINDERY (DAMAGED)
-- 0.00
-- 729076
-- CBU-MAIN LIBRARY (Kitwe)
-- 8
-- 20.00
-- HB 135 Ant
-- 1
-- DAMAGED
-- 021033
-- Main Library Open Access Collection
995 ## -
-- MAIN LIBRARY OPEN ACCESS
-- 0.00
-- 735062
-- CBU-MAIN LIBRARY (Kitwe)
-- 1
-- 20.00
-- HB 135 Ant
-- 5
-- AVAILABLE
-- 40866
-- Main Library Open Access Collection
995 ## -
-- MAIN LIBRARY OPEN ACCESS
-- 0.00
-- 736418
-- CBU-MAIN LIBRARY (Kitwe)
-- 3
-- 20.00
-- HB 135 Ant
-- 7
-- AVAILABLE
-- Apr 26, 2006
-- 40845
-- Main Library Open Access Collection
995 ## -
-- ANNEX COLLECTION (Main Library)
-- 0.00
-- 729077
-- CBU-MAIN LIBRARY (Kitwe)
-- 6
-- 20.00
-- HB 135 Ant
-- 2
-- AVAILABLE
-- 021034
-- Annex Low-Usage Collection
995 ## -
-- SHORT LOAN BOOKS
-- 0.00
-- 729079
-- CBU-MAIN LIBRARY (Kitwe)
-- 4
-- 20.00
-- HB 135 Ant
-- 3
-- AVAILABLE
-- 021035
-- Short Loan Collection
995 ## -
-- SHORT LOAN BOOKS
-- 0.00
-- 729078
-- CBU-MAIN LIBRARY (Kitwe)
-- 5
-- 20.00
-- HB 135 Ant
-- 4
-- AVAILABLE
-- 021036
-- Short Loan Collection
999 ## -
-- 82748
-- 82748
Holdings
Withdrawn status Lost status Source of classification or shelving scheme Damaged status Not for loan Permanent Location Current Location Shelving location Date acquired Total Checkouts Full call number Barcode Date last seen Copy number Price effective from Koha item type
          CBU-MAIN LIBRARY, KITWE. CBU-MAIN LIBRARY, KITWE.   09/29/2023   HB 135 Ant 40846 09/29/2023 1 09/29/2023 MONOGRAPH
          CBU-MAIN LIBRARY, KITWE. CBU-MAIN LIBRARY, KITWE.   09/29/2023   HB 135 Ant 40868 09/29/2023 2 09/29/2023 MONOGRAPH
          CBU-MAIN LIBRARY, KITWE. CBU-MAIN LIBRARY, KITWE.   09/29/2023   HB 135 Ant 021033 09/29/2023 3 09/29/2023 MONOGRAPH
          CBU-MAIN LIBRARY, KITWE. CBU-MAIN LIBRARY, KITWE.   09/29/2023   HB 135 Ant 40866 09/29/2023 4 09/29/2023 MONOGRAPH
          CBU-MAIN LIBRARY, KITWE. CBU-MAIN LIBRARY, KITWE.   09/29/2023   HB 135 Ant 40845 09/29/2023 5 09/29/2023 MONOGRAPH
          CBU-MAIN LIBRARY, KITWE. CBU-MAIN LIBRARY, KITWE.   09/29/2023   HB 135 Ant 021034 09/29/2023 6 09/29/2023 MONOGRAPH
          CBU-MAIN LIBRARY, KITWE. CBU-MAIN LIBRARY, KITWE.   09/29/2023   HB 135 Ant 021035 09/29/2023 7 09/29/2023 SHORT LOAN COLLECTION
          CBU-MAIN LIBRARY, KITWE. CBU-MAIN LIBRARY, KITWE.   09/29/2023   HB 135 Ant 021036 09/29/2023 8 09/29/2023 SHORT LOAN COLLECTION